Gas Turbine Theory (Record no. 23267)

000 -LEADER
fixed length control field 00941nam a22001937a 4500
003 - CONTROL NUMBER IDENTIFIER
control field NUST
005 - DATE AND TIME OF LATEST TRANSACTION
control field 20170614111305.0
008 - FIXED-LENGTH DATA ELEMENTS--GENERAL INFORMATION
fixed length control field 170614b xxu||||| |||| 00| 0 eng d
020 ## - INTERNATIONAL STANDARD BOOK NUMBER
International Standard Book Number 8178085348
040 ## - CATALOGING SOURCE
Original cataloging agency DLC
Language of cataloging DLC
Transcribing agency RCMS
082 ## - DEWEY DECIMAL CLASSIFICATION NUMBER
Classification number 621.43 CHO
100 ## - MAIN ENTRY--PERSONAL NAME
Personal name HIH Saravanamuttoo, GFC Rogers, H Cohen
9 (RLIN) 2644
245 ## - TITLE STATEMENT
Title Gas Turbine Theory
Statement of responsibility, etc. H Cohen
250 ## - EDITION STATEMENT
Edition statement 5th, ed.
260 ## - PUBLICATION, DISTRIBUTION, ETC.
Place of publication, distribution, etc. India
Name of publisher, distributor, etc. Pearson Education
Date of publication, distribution, etc. c.2001
300 ## - PHYSICAL DESCRIPTION
Extent xiv,491,p:
Other physical details ill:
Dimensions 30,cm.
504 ## - BIBLIOGRAPHY, ETC. NOTE
Bibliography, etc. note Includes index.
538 ## - SYSTEM DETAILS NOTE
Display text Shelf No 1 Row No 6
650 ## - SUBJECT ADDED ENTRY--TOPICAL TERM
Topical term or geographic name entry element Mechanical & aerospace engineering
9 (RLIN) 2645
856 ## - ELECTRONIC LOCATION AND ACCESS
Materials specified Table of Content Only
942 ## - ADDED ENTRY ELEMENTS (KOHA)
Koha item type Book
Source of classification or shelving scheme
Holdings
Withdrawn status Lost status Source of classification or shelving scheme Damaged status Not for loan Permanent Location Current Location Shelving location Date acquired Total Checkouts Full call number Barcode Date last seen Price effective from Koha item type
          School of Interdisciplinary Engineering and Sciences (SINES) School of Interdisciplinary Engineering and Sciences (SINES) General Stacks 03/07/2013   621.43 CHO RCMS001885 03/07/2013 03/07/2013 Book
          School of Interdisciplinary Engineering and Sciences (SINES) School of Interdisciplinary Engineering and Sciences (SINES) General Stacks 03/07/2013   621.43 CHO RCMS001886 08/21/2024 03/07/2013 Book
          School of Interdisciplinary Engineering and Sciences (SINES) School of Interdisciplinary Engineering and Sciences (SINES) General Stacks 03/07/2013   621.43 CHO RCMS001887 03/07/2013 03/07/2013 Book
          School of Interdisciplinary Engineering and Sciences (SINES) School of Interdisciplinary Engineering and Sciences (SINES) General Stacks 03/07/2013   621.43 CHO RCMS001888 07/05/2017 03/07/2013 Book
          School of Interdisciplinary Engineering and Sciences (SINES) School of Interdisciplinary Engineering and Sciences (SINES) General Stacks 03/07/2013   621.43 CHO RCMS001889 03/07/2013 03/07/2013 Book
© 2023 Central Library, National University of Sciences and Technology. All Rights Reserved.